000 00487nam a2200181Ia 4500
005 20250326124029.0
008 250326s9999 xx 000 0 und d
037 _aTextbook
040 _aFMSL
_beng
_cFMSL
041 _aeng
_2eng
084 _aX L3
_qFMSL
100 _aEckstein A
245 0 _aComparison of economic systems
_cEckstein A
260 _aLondon
_bLondon, University of California
_c1973
300 _a366p
942 _cTB
_hX L3
999 _c1271962
_d1271962